PSYCHOLOGICAL TESTING (Record no. 22855)
[ view plain ]
| 000 -LEADER | |
|---|---|
| fixed length control field | 00330nam a22001577a 4500 |
| 003 - CONTROL NUMBER IDENTIFIER | |
| control field | SGT |
| 020 ## - INTERNATIONAL STANDARD BOOK NUMBER | |
| International Standard Book Number | 9789332575585 |
| 082 ## - DEWEY DECIMAL CLASSIFICATION NUMBER | |
| Classification number | 150.287,ANA |
| 100 ## - MAIN ENTRY--PERSONAL NAME | |
| Personal name | ANASTASIA |
| 245 ## - TITLE STATEMENT | |
| Title | PSYCHOLOGICAL TESTING |
| 250 ## - EDITION STATEMENT | |
| Edition statement | 7TH |
| 260 ## - PUBLICATION, DISTRIBUTION, ETC. (IMPRINT) | |
| Place of publication, distribution, etc | NOIDA U.P. |
| Name of publisher, distributor, etc | PEARSON |
| Year of Publication | 2022 |
| 300 ## - PAGE DESCRIPTION | |
| No. of Pages | 628 |
| 650 ## - SUBJECT ADDED ENTRY--TOPICAL TERM | |
| Topical term or geographic name as entry element | PSCHOLOGY |
| 942 ## - ADDED ENTRY ELEMENTS (KOHA) | |
| Source of classification or shelving scheme | Dewey Decimal Classification |
| Koha item type | Books |
| 942 ## - ADDED ENTRY ELEMENTS (KOHA) | |
| -- | 16 |
| Withdrawn status | Lost status | Source of classification or shelving scheme | Damaged status | Not for loan | Collection code | Home library | Current library | Shelving location | Date acquired | Vendor Name | Cost, normal purchase price | SGTU | Total Checkouts | Full call number | Accession No. (Barcode) | Date last seen | Date last borrowed | Bill Date | Koha item type | Use restrictions | Total Renewals |
|---|---|---|---|---|---|---|---|---|---|---|---|---|---|---|---|---|---|---|---|---|---|
| Dewey Decimal Classification | ENGINEERING | SGT Engineering Library | SGT Engineering Library | Text Book | 15/06/2022 | AHUJA BOOK COMPANY PVT. | 710.00 | SGTU | 6 | 150.287,ANA | FE8379 | 21/08/2023 | 24/07/2023 | 19/05/2022 | Books | ||||||
| Dewey Decimal Classification | ENGINEERING | SGT Engineering Library | SGT Engineering Library | Text Book | 15/06/2022 | AHUJA BOOK COMPANY PVT. | 710.00 | SGTU | 10 | 150.287,ANA | FE8380 | 23/04/2026 | 09/04/2026 | 19/05/2022 | Books | ||||||
| Dewey Decimal Classification | ENGINEERING | SGT Engineering Library | SGT Engineering Library | Text Book | 15/06/2022 | AHUJA BOOK COMPANY PVT. | 710.00 | SGTU | 2 | 150.287,ANA | FE8381 | 23/06/2025 | 23/06/2025 | 19/05/2022 | Books | ||||||
| Dewey Decimal Classification | Not For Loan | ENGINEERING | SGT Engineering Library | SGT Engineering Library | Reference Book | 15/06/2022 | AHUJA BOOK COMPANY PVT. | 710.00 | SGTU | 150.287,ANA | FE8382 | 15/06/2022 | 19/05/2022 | Books | Restricted Access | ||||||
| Dewey Decimal Classification | ENGINEERING | SGT Engineering Library | SGT Engineering Library | Text Book | 15/06/2022 | AHUJA BOOK COMPANY PVT. | 710.00 | SGTU | 7 | 150.287,ANA | FE8383 | 09/03/2026 | 23/02/2026 | 19/05/2022 | Books | 1 | |||||
| Dewey Decimal Classification | ENGINEERING | SGT Engineering Library | SGT Engineering Library | Text Book | 15/06/2022 | AHUJA BOOK COMPANY PVT. | 710.00 | SGTU | 2 | 150.287,ANA | FE8384 | 27/01/2026 | 22/01/2026 | 19/05/2022 | Books |